000 00532cam a2200205ua 4500
001 1668
008 110715n ii |||gr||||Z||||||eng
020 _a0-435-33226-0
040 _cMAIN
082 _a333.7
100 _aBurningham, David,
_eAuthor.
245 1 _aEnvironmental Economics
_cbyDavid Burningham
250 _a3rd.
260 _a[s.l]:
_bHeinemann educational publishers,
_c2005.
300 _aiv; 124p:
_c23cm.
653 _aEconomics
653 _aEnvironmental economics
700 _aJohn, Davies,
942 _cBK
999 _c1555
_d1555